| 000 | 01617nam a2200253 i 4500 | ||
|---|---|---|---|
| 001 | 65533 | ||
| 003 | ES-MaACL | ||
| 005 | 20230906165412.0 | ||
| 007 | t| | ||
| 008 | 040115m19631981sp ||||1| spa d | ||
| 100 | 1 |
_aFriedberg, Charles K. _952610 |
|
| 245 | 1 | 0 |
_aProgresos en las enfermedades cardiovasculares / _cdirector Charles K. Friedberg ; [versión española por J. Colom, M. Lerma ; revisada por D. Figueroa, E. A. Vidal Barraquer]. |
| 260 |
_aBarcelona : _bEd. Científico-Médica, _c[1963-81] |
||
| 300 |
_a9 v. : _bil. ; _c25 cm. |
||
| 500 | _aSon los t. I-VI y XI-XII y XIX. | ||
| 505 | 8 | _aContiene: v. 1. Métodos diagnósticos, arritmias cardíacas -- v. 2. Terapéutico corazón, riñón y electrolitos -- v. 3. Corazón, riñón y electrolitos, II cirugía cardíaca, miscelánea, radioisótopos -- v. 4. La insuficiencia mitral y el soplo sestólico apical, la enfermedad coronaria --- v. 5. Enfermedad miocardíaca ..-- V. 6 -- v. 11. Electrocardiografía, problemas actuales en el infarto agudo de miocardio y la muerte súbita, fisiopatología y diagnóstico diferencial I -- v. 12. Fisiopatología y diagnóstico diferencial II, enfermedad arterial coronaria, marcapasos, nuevos métodos de diagnóstico I -- v. 19. Ecocardiografía III y V, captopril fitrinolisis I y II, artículos especiales | |
| 650 | 0 | 4 |
_aAparato circulatorio- _xEnfermedades. _99905 |
| 700 | 1 |
_aColom, J. _939789 |
|
| 700 | 1 |
_aLerma, M. _971775 |
|
| 700 | 1 |
_aFigueroa, D. _950777 |
|
| 700 | 1 |
_aVidal Barraquer, E. A. _9114466 |
|
| 852 |
_aES-MaACL _jP-771-Ter _bR.52680 |
||
| 852 |
_aES-MaACL _jC-27599 _z(Vol. 4º) |
||
| 999 |
_c65533 _d65533 |
||